|
|
|
|
| LEADER |
00000nab a2200000 a 4500 |
| 001 |
vtls000557943 |
| 003 |
SK-MaSNL |
| 005 |
20260304084433.0 |
| 008 |
250425c1995 xo 0 slo |
| 015 |
|
|
|a SNBRB19rr/mm-uuuuu
|
| 035 |
|
|
|a CL0558081
|
| 035 |
|
|
|a urn:nbn:sk:snk-ab2iwu
|
| 035 |
|
|
|a (urnnbn)urn:nbn:sk:snk:ar-a02hdz
|
| 035 |
|
|
|a (uuid)fce36af9-d432-40ee-bc73-4f4e23b088c3
|
| 040 |
|
|
|a SNKBUCL
|b slo
|c SNKBUCL
|e AACR2
|
| 041 |
0 |
|
|a slo
|
| 044 |
|
|
|a xo
|c SK
|
| 080 |
|
|
|a 372.891(075.2):373.3:087.5
|2 1981
|
| 080 |
|
|
|a 373.3
|2 1981
|
| 080 |
|
|
|a 087.5
|2 1981
|
| 080 |
|
|
|a 371.671
|2 1981
|
| 100 |
1 |
|
|a Lacika, Ján,
|d 1956-
|4 aut
|9 101502
|
| 245 |
1 |
0 |
|a Koncepcia Čítanky zemepisu pre 2. stupeň ZŠ
|c Ján Lacika
|
| 650 |
0 |
7 |
|a geografia
|2 snkbucl
|9 823
|
| 650 |
0 |
7 |
|a školy základné
|2 snkbucl
|9 390867
|
| 650 |
0 |
7 |
|a čítanky
|2 snkbucl
|9 81647
|
| 655 |
|
7 |
|a články z novín a časopisov
|2 snkbucl
|9 267496
|
| 773 |
0 |
|
|t Geografia
|g Roč. 3, č. 2 (1995), s. 72
|
| 850 |
|
|
|a Slovenská národná knižnica
|
| 852 |
|
|
|a Slovenská národná knižnica
|
| 954 |
|
|
|a odborná, vedecká literatúra pôvodná (slovenská)
|2 lita
|
| 958 |
|
|
|a article27
|
| 958 |
|
|
|a RK
|
| 958 |
|
|
|a OND
|
| 958 |
|
|
|a EUIPO
|
| 992 |
|
|
|a RBX
|
| 999 |
|
|
|c 2803413
|d 2805343
|